000 00387nam a2200169Ia 4500
005 20250603144418.0
008 250603s9999 xx 000 0 und d
020 _a9780956683731
050 _aPR 9387.9 .G39/
245 2 _aA gazelle of the savannah
260 _aAbuja
260 _bAlfa Crownes Publishers
260 _c2012
300 _a411 p
650 _aAbuja
942 _cBK
999 _c38843
_d38843